Izote vos : a collection of Salvadoran American writing and visual art.
Enregistré dans:
| Collectivités auteurs: | , |
|---|---|
| Autres auteurs: | , , |
| Format: | Livre |
| Langue: | English |
| Publié: |
San Francisco, California :
Pacific News Service,
c2000.
|
| Sujets: | |
| Tags: |
Ajouter un tag
Pas de tags, Soyez le premier à ajouter un tag!
|
MARC
| LEADER | 00000mam a2200000 a 4500 | ||
|---|---|---|---|
| 001 | 3317241 | ||
| 005 | 20150603132458.0 | ||
| 008 | 000623s2000 cauao 000 0 eng d | ||
| 040 | |a CSL |c CSL |d IXA |d CRU CIICLA | ||
| 041 | 0 | |a engspa |h eng | |
| 082 | |a A860.809.794 |b I-99-I | ||
| 090 | |a PQ7078.5.C22 |b I96 2000 | ||
| 245 | 1 | 0 | |a Izote vos : |b a collection of Salvadoran American writing and visual art. |
| 260 | |a San Francisco, California : |b Pacific News Service, |c c2000. | ||
| 300 | |a 112 páginas: |b ilustraciones, fotografías | ||
| 500 | |a Título de la cubierta. | ||
| 500 | |a Editors: Katherine Cowy Kim, Alfonso Serrano F.; guest editor, Leda Ramos. | ||
| 500 | |a Colaboración entre Pacific News Service en San Francisco y el Central American Resource Center in Los Angeles. | ||
| 650 | 1 | 4 | |a LITERATURA SALVADOREÑA |z SAN FRANCISCO (CALIFORNIA) |
| 650 | 1 | 4 | |a AMERICA EN LA LITERATURA |x AUTORES AMERICANOS SALVADOREÑOS |
| 650 | 1 | 4 | |a ARTES |z CALIFORNIA |
| 700 | 1 | |a Kim, Katherine Cowy. | |
| 700 | 1 | |a Serrano F., Alfonso. | |
| 700 | 1 | |a Ramos, Leda. | |
| 710 | 2 | |a Pacific News Service. | |
| 710 | 2 | |a Central American Resource Center (Los Angeles, Calif.) | |
| 942 | |2 ddc |c BK | ||
| 999 | |c 4259 |d 4259 | ||
